Catalog

Record Details

Catalog Search



Record details

  • ISBN: 9781595143952
  • ISBN: 1595143955
  • Physical Description: p. cm.
  • Publisher: New York : Razorbill, 2011.

Content descriptions

Summary, etc.:
Nobody expected Dru Anderson to survive this long. ... Read More
Subject: Vampires > Fiction.
Werewolves > Fiction.
Teenagers > Psychic ability > Fiction.
Psychic ability > Fiction.
Supernatural > Fiction.
Schools > Fiction.
Horror stories.
LDR 01477cam a22003733a 4500
001135770
003LARL_NWRL_CONSORTIUM
00520111007105421.0
008110313s2011 xx d 000 0 eng d
020 . ‡a9781595143952
020 . ‡a1595143955
035 . ‡a(OCoLC)707249935
08204. ‡a[Fic] ‡223
1001 . ‡aSt. Crow, Lili. ‡0(LARL_NWRL_CONSORTIUM)199715
24514. ‡aThe reckoning ‡n#5 / ‡cLili St. Crow.
260 . ‡aNew York : ‡bRazorbill, ‡c2011.
300 . ‡ap. ‡ccm.
4900 . ‡aStrange angels; ‡v5
520 . ‡aNobody expected Dru Anderson to survive this long. She's battled killer zombies, jealous "djamphirs," and bloodthirsty suckers. But now that Dru has bloomed into a full-fledged "svetocha" -- rare, beautiful, and toxic to all vampires -- the worst is yet to come.
650 1. ‡aVampires ‡vFiction. ‡0(LARL_NWRL_CONSORTIUM)167805
650 1. ‡aWerewolves ‡vFiction. ‡0(LARL_NWRL_CONSORTIUM)167924
650 1. ‡aTeenagers ‡xPsychic ability ‡vFiction.
650 1. ‡aPsychic ability ‡vFiction. ‡0(LARL_NWRL_CONSORTIUM)166960
650 1. ‡aSupernatural ‡vFiction. ‡0(LARL_NWRL_CONSORTIUM)167353
650 1. ‡aSchools ‡vFiction. ‡0(LARL_NWRL_CONSORTIUM)167222
650 1. ‡aHorror stories. ‡0(LARL_NWRL_CONSORTIUM)176036
901 . ‡a135770 ‡bOCLC ‡c135770 ‡tbiblio

Additional Resources